000 01097nam0a2200313 4500
001 RU\NLR\BIBL_A\011460937
005 20250626071931.0
010 _a978-5-906972-32-3
021 _aRU
_b2017-56740
_94036
035 _a(RuMoRGB)008951484
035 _a(NLR Aleph) 011460937
090 _a11802770
_c11802770
100 _a20170824d2017 |||y0rusy50 ca
101 0 _arus
102 _aRU
105 _aac||z|||000za
200 1 _aМаруся - дочь отряда
_fМария Григорьевна Френклах
210 _aМосква
_cПеро
_d2017
215 _a138 с.
_cил., портр., цв. ил.
_d21
606 1 _aВеликая Отечественная война
_jВоспоминания, записки и т.п
_z1941 - 1945
_9903571
_3RU\NLR\AUTH\668893
686 2 _aШ6(2=Е)7-4
686 1 _aЦ35(2)722,013
700 1 _aФренклах
_bМ. Г.
_f1927-
_gМария Григорьевна
942 _cBOOK
980 _aNBR
980 _aNB